[Event "Moscow Aeroflot op-A"]
[Site "Moscow"]
[Date "2020.02.22"]
[Round "4"]
[White "Bharath, Subramaniyam H"]
[Black "Zhou, Jianchao"]
[Result "1-0"]
[WhiteElo "2402"]
[BlackElo "2622"]
[PlyCount "147"]
[EventDate "2020.02.19"]
[EventType "swiss"]
[EventRounds "9"]
[EventCountry "RUS"]
[SourceTitle "CBM 195"]
[Source "ChessBase"]
[SourceDate "2020.04.30"]
[SourceVersion "1"]
[SourceVersionDate "2020.04.30"]
[SourceQuality "1"]

1. e4 c5 2. Nf3 d6 3. d4 cxd4 4. Nxd4 Nf6 5. Nc3 a6 6. h3 e6 7. g4 h6 8. Bg2
Be7 9. Qd3 Bd7 10. Be3 g5 11. O-O-O Nc6 12. f4 gxf4 13. Nxc6 Bxc6 14. Bxf4 Qc7
15. Qg3 O-O-O 16. e5 Ne8 17. Bxc6 Qxc6 18. Rhf1 dxe5 19. Bxe5 f6 20. Bf4 h5 21.
g5 fxg5 22. Bxg5 Bxg5+ 23. Qxg5 Nd6 24. Rfe1 Nc4 25. b3 Nd2 26. Qe3 Nf3 27. Rf1
Rxd1+ 28. Rxd1 e5 29. Rf1 Rf8 30. Kb2 h4 31. Qd3 Kb8 32. Nd5 Rd8 33. Nb4 Qb6
34. Nxa6+ Ka8 35. Qxf3 Qxa6 36. Re1 Qe6 37. Re4 Re8 38. Qe3 Kb8 39. Ra4 b6 40.
Rxh4 e4 41. Rh6 Qe5+ 42. Kb1 Re6 43. Rxe6 Qxe6 44. h4 Kb7 45. h5 Qf5 46. h6
Qf1+ 47. Kb2 Qf6+ 48. Kc1 Qf5 49. Qg3 Ka6 50. Qg7 e3 51. h7 e2 52. h8=Q e1=Q+
53. Kb2 Qxc2+ 54. Kxc2 Qe2+ 55. Kc3 Qe3+ 56. Kc4 Qe2+ 57. Kd5 Qb5+ 58. Kd4 Qc5+
59. Kd3 Qf5+ 60. Kc3 Qc5+ 61. Kb2 Qf2+ 62. Ka3 Qc5+ 63. Kb2 Qf2+ 64. Kc3 Qe3+
65. Kc4 Qe2+ 66. Kd5 Qb5+ 67. Kd4 Qc5+ 68. Kd3 Qf5+ 69. Ke3 Qc5+ 70. Qd4 Qc1+
71. Qd2 Qg1+ 72. Kd3 Qb1+ 73. Qc2 Qf1+ 74. Qe2 1-0

[Event "Moscow Aeroflot op-A"]
[Site "Moscow"]
[Date "2020.02.22"]
[Round "4"]
[White "Cordova, Emilio"]
[Black "Riazantsev, Alexander"]
[Result "0-1"]
[WhiteElo "2593"]
[BlackElo "2639"]
[PlyCount "53"]
[EventDate "2020.02.19"]
[EventType "swiss"]
[EventRounds "9"]
[EventCountry "RUS"]
[SourceTitle "CBM 195"]
[Source "ChessBase"]
[SourceDate "2020.04.30"]
[SourceVersion "1"]
[SourceVersionDate "2020.04.30"]
[SourceQuality "1"]

1. Nf3 d5 2. d4 Nf6 3. c4 e6 4. g3 Be7 5. Bg2 O-O 6. O-O dxc4 7. Qc2 b5 8. a4
b4 9. Nfd2 Nd5 10. Nxc4 c5 11. dxc5 Ba6 12. Rd1 Nd7 13. b3 Rc8 14. Bb2 Nxc5 15.
Nbd2 Bf6 16. Ne4 Bxb2 17. Nxc5 Bxa1 18. Nxa6 Qf6 19. a5 Bd4 20. e4 Rxc4 21.
bxc4 b3 22. Qd2 Nc3 23. Rf1 e5 24. Nc5 b2 25. Qxb2 Na4 26. Qxd4 exd4 27. Nxa4
0-1

[Event "Moscow Aeroflot op-A"]
[Site "Moscow"]
[Date "2020.02.22"]
[Round "4"]
[White "Durarbayli, Vasif"]
[Black "Petrosyan, Manuel"]
[Result "0-1"]
[WhiteElo "2625"]
[BlackElo "2590"]
[PlyCount "98"]
[EventDate "2020.02.19"]
[EventType "swiss"]
[EventRounds "9"]
[EventCountry "RUS"]
[SourceTitle "CBM 195"]
[Source "ChessBase"]
[SourceDate "2020.04.30"]
[SourceVersion "1"]
[SourceVersionDate "2020.04.30"]
[SourceQuality "1"]

1. e4 e5 2. Nf3 Nc6 3. Bb5 Nf6 4. d3 Bc5 5. c3 O-O 6. O-O Re8 7. Nbd2 a6 8.
Bxc6 dxc6 9. Nc4 Nd7 10. b4 Bf8 11. Qb3 Qf6 12. Be3 Rb8 13. Ne1 b5 14. Na5 c5
15. f4 cxb4 16. fxe5 Qg6 17. d4 c5 18. cxb4 c4 19. Qb1 f6 20. Nf3 fxe5 21. d5
Nf6 22. Nc6 Rb7 23. Nfxe5 Qxe4 24. Qxe4 Nxe4 25. Rad1 Nc3 26. Rd2 Bd6 27. Bf4
g5 28. Bg3 Ne4 29. Re2 Nxg3 30. hxg3 Rc7 31. Nxc4 Rxe2 32. Nxd6 Bb7 33. Nxb7
Rxb7 34. d6 Rd7 35. Ne7+ Kg7 36. Nf5+ Kg6 37. Ne7+ Kh5 38. Rf6 Rd2 39. Nf5 g4
40. a3 Kg5 41. Rf8 Rd5 42. Nh4 R7xd6 43. Rg8+ Kh5 44. Rf8 Re5 45. Rf7 Rd1+ 46.
Kf2 h6 47. Rc7 Rde1 48. Rc2 Kg5 49. Rd2 Rh1 0-1

[Event "Moscow Aeroflot op-A"]
[Site "Moscow"]
[Date "2020.02.22"]
[Round "4"]
[White "Frolyanov, Dmitry"]
[Black "Lazavik, Denis"]
[Result "1-0"]
[WhiteElo "2556"]
[BlackElo "2428"]
[PlyCount "99"]
[EventDate "2020.02.19"]
[EventType "swiss"]
[EventRounds "9"]
[EventCountry "RUS"]
[SourceTitle "CBM 195"]
[Source "ChessBase"]
[SourceDate "2020.04.30"]
[SourceVersion "1"]
[SourceVersionDate "2020.04.30"]
[SourceQuality "1"]

1. e4 e5 2. Nf3 Nc6 3. Bb5 a6 4. Ba4 d6 5. O-O Bd7 6. d4 Nf6 7. c3 Be7 8. Re1
O-O 9. Nbd2 Re8 10. Nf1 Bf8 11. Ng3 g6 12. h3 Bg7 13. Bc2 Qe7 14. Be3 Qf8 15.
Qd2 Rad8 16. Rad1 Bc8 17. Qc1 h6 18. a3 Kh7 19. b4 b5 20. Bb3 Bb7 21. Qb1 Rd7
22. Bc2 Nd8 23. a4 exd4 24. cxd4 Rde7 25. axb5 axb5 26. d5 Nd7 27. Nd4 Ne5 28.
Nxb5 Nc4 29. Bc1 f5 30. Ne2 fxe4 31. Ng3 c6 32. dxc6 Bxc6 33. Nd4 d5 34. Nxc6
Nxc6 35. Rxd5 Bd4 36. Rf1 Qf7 37. Rb5 Na7 38. Rc5 Bxc5 39. bxc5 Rb7 40. Qa1 Qg7
41. Qa6 Ne5 42. Bxh6 Qd7 43. Bxe4 Nac6 44. Be3 Ra7 45. Qe2 Qf7 46. f4 Nc4 47.
f5 Kg8 48. fxg6 Qe6 49. Bh6 Nd4 50. Qf2 1-0

[Event "Moscow Aeroflot op-A"]
[Site "Moscow"]
[Date "2020.02.22"]
[Round "4"]
[White "Gokerkan, Cem Kaan"]
[Black "Erigaisi, Arjun"]
[Result "0-1"]
[WhiteElo "2461"]
[BlackElo "2563"]
[PlyCount "92"]
[EventDate "2020.02.19"]
[EventType "swiss"]
[EventRounds "9"]
[EventCountry "RUS"]
[SourceTitle "CBM 195"]
[Source "ChessBase"]
[SourceDate "2020.04.30"]
[SourceVersion "1"]
[SourceVersionDate "2020.04.30"]
[SourceQuality "1"]

1. e4 c5 2. Nf3 d6 3. Bb5+ Nd7 4. Ba4 Ngf6 5. O-O a6 6. c4 g6 7. Nc3 Bg7 8. Rb1
O-O 9. d3 Nb6 10. Bc2 Bg4 11. h3 Bh5 12. Qe2 Bxf3 13. Qxf3 Nbd7 14. Bd1 Ne5 15.
Qg3 Nc6 16. h4 Nd7 17. h5 e6 18. Ne2 b5 19. Qxd6 Nce5 20. hxg6 hxg6 21. f4 Ng4
22. g3 Nb6 23. Qxd8 Rfxd8 24. b4 Rxd3 25. cxb5 c4 26. bxa6 Rxa6 27. a4 Nxa4 28.
b5 Ra8 29. Bc2 Bf8 30. Rd1 Bc5+ 31. Kg2 Ne3+ 32. Bxe3 Rxe3 33. Re1 Nb6 34. Kh3
Ra2 35. Bd1 Rxe4 36. Nc3 Rxe1 37. Nxa2 Nd5 38. Rc1 Be3 39. Rb1 Bc5 40. Rc1 Ba3
41. b6 Nxb6 42. Rb1 Nd5 43. Rb8+ Kg7 44. Bc2 Ra1 45. Bb1 c3 46. Rb3 Rxa2 0-1

[Event "Moscow Aeroflot op-A"]
[Site "Moscow"]
[Date "2020.02.22"]
[Round "4"]
[White "Idani, Pouya"]
[Black "Paravyan, David"]
[Result "1/2-1/2"]
[WhiteElo "2577"]
[BlackElo "2629"]
[PlyCount "44"]
[EventDate "2020.02.19"]
[EventType "swiss"]
[EventRounds "9"]
[EventCountry "RUS"]
[SourceTitle "CBM 195"]
[Source "ChessBase"]
[SourceDate "2020.04.30"]
[SourceVersion "1"]
[SourceVersionDate "2020.04.30"]
[SourceQuality "1"]

1. e4 c5 2. Nf3 Nc6 3. Bb5 g6 4. O-O Bg7 5. c3 Nf6 6. Re1 O-O 7. h3 e5 8. d4
cxd4 9. cxd4 d5 10. dxe5 Nxe4 11. Nc3 Be6 12. Bf4 Qb6 13. Qe2 Rac8 14. Nxe4
dxe4 15. Bxc6 Rxc6 16. Qxe4 Qxb2 17. Reb1 Bf5 18. Rxb2 Bxe4 19. Rxb7 Rc4 20.
Nd2 Bxg2 21. Kxg2 Rxf4 22. Nf3 a6 1/2-1/2

[Event "Moscow Aeroflot op-A"]
[Site "Moscow"]
[Date "2020.02.22"]
[Round "4"]
[White "Iljiushenok, Ilia"]
[Black "Rakhmanov, Alexander"]
[Result "0-1"]
[WhiteElo "2519"]
[BlackElo "2645"]
[PlyCount "102"]
[EventDate "2020.02.19"]
[EventType "swiss"]
[EventRounds "9"]
[EventCountry "RUS"]
[SourceTitle "CBM 195"]
[Source "ChessBase"]
[SourceDate "2020.04.30"]
[SourceVersion "1"]
[SourceVersionDate "2020.04.30"]
[SourceQuality "1"]

1. e4 e5 2. Nf3 Nf6 3. Nxe5 d6 4. Nf3 Nxe4 5. Nc3 Nf6 6. d4 Be7 7. Bg5 h6 8.
Bf4 a6 9. Bd3 Be6 10. h3 Nbd7 11. Qe2 Nb6 12. O-O-O Qd7 13. Rhe1 O-O-O 14. Bxa6
bxa6 15. Qxa6+ Kb8 16. d5 Nfxd5 17. Nxd5 Bxd5 18. Rxd5 Nxd5 19. Nd4 Nb4 20. Qa5
c5 21. Qb6+ Qb7 22. Qxb7+ Kxb7 23. Rxe7+ Kb6 24. Nf5 Nd5 25. Re4 g6 26. Ne3 Kc6
27. Nxd5 Kxd5 28. Re7 g5 29. Bd2 Ra8 30. a3 f5 31. Kd1 Rhe8 32. Rh7 Re6 33. g3
Rg6 34. Rf7 Ke6 35. Rc7 Rf6 36. Rh7 f4 37. gxf4 gxf4 38. Ke2 f3+ 39. Kd3 Ra4
40. c4 d5 41. cxd5+ Kxd5 42. Rxh6 Rd4+ 43. Kc3 Rxh6 44. Bxh6 Re4 45. Bg5 Re5
46. Bf4 Re4 47. Bg5 Re1 48. Bf4 Ke4 49. Bd6 Kd5 50. Bf4 c4 51. Bc7 Re3+ 0-1

[Event "Moscow Aeroflot op-A"]
[Site "Moscow"]
[Date "2020.02.22"]
[Round "4"]
[White "Indjic, Aleksandar"]
[Black "Karthik, Venkataraman"]
[Result "1-0"]
[WhiteElo "2622"]
[BlackElo "2483"]
[PlyCount "77"]
[EventDate "2020.02.19"]
[EventType "swiss"]
[EventRounds "9"]
[EventCountry "RUS"]
[SourceTitle "CBM 195"]
[Source "ChessBase"]
[SourceDate "2020.04.30"]
[SourceVersion "1"]
[SourceVersionDate "2020.04.30"]
[SourceQuality "1"]

1. d4 Nf6 2. Nf3 d5 3. c4 e6 4. Nc3 c6 5. Bg5 Nbd7 6. e3 h6 7. Bh4 g5 8. Bg3
Nh5 9. Qc2 Nxg3 10. hxg3 Bg7 11. O-O-O Qe7 12. cxd5 exd5 13. Bd3 Nb6 14. e4
dxe4 15. Nxe4 Be6 16. Nc5 O-O-O 17. Rhe1 Kb8 18. Bf5 Rd6 19. Re4 Nd7 20. Nxe6
fxe6 21. Rde1 Nf8 22. Qb3 Qd8 23. Bxe6 Nxe6 24. Rxe6 Bxd4 25. Nxd4 Rxd4 26.
Rxc6 Qd7 27. Rc3 Rd8 28. a3 Rd2 29. Rf3 a5 30. Kb1 a4 31. Qe6 Qh7+ 32. Ka2 Qc2
33. Qe5+ Ka8 34. Qb5 R8d5 35. Qb4 R2d4 36. Rc3 Qxf2 37. Qb6 Rd8 38. Re7 Qxg2
39. Rc5 1-0

[Event "Moscow Aeroflot op-A"]
[Site "Moscow"]
[Date "2020.02.22"]
[Round "4"]
[White "Ivic, Velimir"]
[Black "Maghsoodloo, Parham"]
[Result "1/2-1/2"]
[WhiteElo "2558"]
[BlackElo "2674"]
[PlyCount "83"]
[EventDate "2020.02.19"]
[EventType "swiss"]
[EventRounds "9"]
[EventCountry "RUS"]
[SourceTitle "CBM 195"]
[Source "ChessBase"]
[SourceDate "2020.04.30"]
[SourceVersion "1"]
[SourceVersionDate "2020.04.30"]
[SourceQuality "1"]

1. e4 e5 2. Nf3 Nc6 3. Bb5 a6 4. Ba4 Nge7 5. Nc3 d6 6. O-O Bd7 7. Re1 g6 8. d4
Bg7 9. dxe5 dxe5 10. Nd5 O-O 11. Bg5 f6 12. Be3 Re8 13. c4 Nxd5 14. cxd5 Na5
15. Bxd7 Qxd7 16. Qc2 b5 17. Nd2 Bf8 18. Rac1 Rec8 19. Qc3 Nb7 20. f4 Bd6 21.
fxe5 fxe5 22. Nf3 Re8 23. h3 Nd8 24. Nh2 h5 25. Rf1 Nf7 26. Rf6 Nh8 27. Nf3 Qg7
28. Re6 Nf7 29. Rxe8+ Rxe8 30. Qc6 Rb8 31. h4 Qf8 32. Qxa6 Ra8 33. Qxb5 Rxa2
34. Qd7 Rxb2 35. Qe6 Kg7 36. Rf1 Qe7 37. Qxe7 Bxe7 38. Nxe5 Nxe5 39. Bd4 Rb4
40. Bxe5+ Kg8 41. Bxc7 Rxe4 42. g3 1/2-1/2

[Event "Moscow Aeroflot op-A"]
[Site "Moscow"]
[Date "2020.02.22"]
[Round "4"]
[White "Jobava, Baadur"]
[Black "Aleksandrov, Aleksej"]
[Result "0-1"]
[WhiteElo "2620"]
[BlackElo "2592"]
[PlyCount "58"]
[EventDate "2020.02.19"]
[EventType "swiss"]
[EventRounds "9"]
[EventCountry "RUS"]
[SourceTitle "CBM 195"]
[Source "ChessBase"]
[SourceDate "2020.04.30"]
[SourceVersion "1"]
[SourceVersionDate "2020.04.30"]
[SourceQuality "1"]

1. e4 e5 2. Nf3 Nc6 3. Bc4 Nf6 4. Ng5 d5 5. exd5 Na5 6. Bb5+ c6 7. dxc6 bxc6 8.
Be2 h6 9. Nh3 Bd6 10. d3 Rb8 11. Nd2 O-O 12. Ne4 Nxe4 13. dxe4 Nb7 14. c3 Qh4
15. Qd3 Be7 16. Qg3 Nc5 17. f3 Qh5 18. f4 Qh4 19. Nf2 exf4 20. Qxh4 Bxh4 21.
O-O Bxf2+ 22. Rxf2 g5 23. Bf3 Re8 24. Rd2 Nxe4 25. Bxe4 Rxe4 26. Rd8+ Kh7 27.
g3 f3 28. Rd2 Bh3 29. Kf2 g4 0-1

[Event "Moscow Aeroflot op-A"]
[Site "Moscow"]
[Date "2020.02.22"]
[Round "4"]
[White "Jumabayev, Rinat"]
[Black "Sandipan, Chanda"]
[Result "1-0"]
[WhiteElo "2646"]
[BlackElo "2552"]
[PlyCount "58"]
[EventDate "2020.02.19"]
[EventType "swiss"]
[EventRounds "9"]
[EventCountry "RUS"]
[SourceTitle "CBM 195"]
[Source "ChessBase"]
[SourceDate "2020.04.30"]
[SourceVersion "1"]
[SourceVersionDate "2020.04.30"]
[SourceQuality "1"]

1. Nf3 f5 2. c4 Nf6 3. Nc3 e6 4. d3 Nc6 5. g3 d6 6. Bg2 g6 7. Rb1 Bg7 8. b4 Qe7
9. O-O O-O 10. b5 Nd8 11. Ba3 e5 12. Nd5 Nxd5 13. cxd5 a6 14. b6 c5 15. dxc6
Nxc6 16. Nd2 Be6 17. Nc4 Rfd8 18. Bxc6 bxc6 19. Na5 Bd5 20. Qc2 f4 21. b7 Rab8
22. Nxc6 Bxc6 23. Qxc6 Rd7 24. Qc8+ Rd8 25. Qc4+ Qf7 26. Rfc1 d5 27. Qc7 Qe6
28. Qe7 Qh3 29. Rc7 Bf8 1-0

[Event "Moscow Aeroflot op-A"]
[Site "Moscow"]
[Date "2020.02.22"]
[Round "4"]
[White "Kardashevskiy, Evgeny"]
[Black "Shimanov, Aleksandr"]
[Result "0-1"]
[WhiteElo "2437"]
[BlackElo "2587"]
[PlyCount "92"]
[EventDate "2020.02.19"]
[EventType "swiss"]
[EventRounds "9"]
[EventCountry "RUS"]
[SourceTitle "CBM 195"]
[Source "ChessBase"]
[SourceDate "2020.04.30"]
[SourceVersion "1"]
[SourceVersionDate "2020.04.30"]
[SourceQuality "1"]

1. d4 Nf6 2. Nf3 g6 3. c4 Bg7 4. g3 O-O 5. Bg2 d6 6. O-O Ne4 7. Nbd2 Nxd2 8.
Bxd2 e5 9. Bc3 Qe7 10. e3 Nc6 11. Qb3 a5 12. a4 Kh8 13. Rfe1 f5 14. Nd2 Bd7 15.
d5 Nd8 16. f4 b6 17. e4 Nb7 18. exf5 Nc5 19. Qd1 gxf5 20. Qc2 Rae8 21. b3 Bf6
22. Re3 Qg7 23. Qb2 exf4 24. Bxf6 Rxf6 25. Rxe8+ Bxe8 26. gxf4 Nd3 27. Qd4 Rg6
28. Qxg7+ Kxg7 29. Rf1 Rg4 30. Kh1 Rxf4 31. Bf3 Ne5 32. Kg2 Rd4 33. Nb1 f4 34.
Rf2 Bg6 35. Rd2 Rxd2+ 36. Nxd2 Kf6 37. Be4 Bf5 38. Kf2 Bxe4 39. Nxe4+ Kf5 40.
Nc3 Nd3+ 41. Kg2 Nc5 42. Nb5 Nxb3 43. Nxc7 Nd2 44. Nb5 Nxc4 45. Kf3 Ke5 46. Nc3
Ne3 0-1

[Event "Moscow Aeroflot op-A"]
[Site "Moscow"]
[Date "2020.02.22"]
[Round "4"]
[White "Kobalia, Mihail"]
[Black "Suleymanli, Aydin Elshan"]
[Result "1/2-1/2"]
[WhiteElo "2609"]
[BlackElo "2474"]
[PlyCount "116"]
[EventDate "2020.02.19"]
[EventType "swiss"]
[EventRounds "9"]
[EventCountry "RUS"]
[SourceTitle "CBM 195"]
[Source "ChessBase"]
[SourceDate "2020.04.30"]
[SourceVersion "1"]
[SourceVersionDate "2020.04.30"]
[SourceQuality "1"]

1. e4 c6 2. d4 d5 3. exd5 cxd5 4. c4 e6 5. Nc3 Nf6 6. Nf3 Bb4 7. cxd5 Nxd5 8.
Bd2 Nc6 9. Bd3 O-O 10. O-O Nf6 11. Bg5 Be7 12. Re1 Nb4 13. Bc4 Bd7 14. Ne5 Be8
15. Rc1 Rc8 16. Qb3 Nc6 17. Nxc6 Rxc6 18. d5 exd5 19. Bxf6 dxc4 20. Bxe7 Qxe7
21. Rxe7 cxb3 22. Rxb7 bxa2 23. Rxa7 Rb6 24. Rxa2 Bd7 25. Nd5 Rb5 26. Rd1 Rb7
27. b4 Be6 28. Rb2 Rfb8 29. Nf4 Bf5 30. Rd4 h6 31. h4 g5 32. Ne2 Kg7 33. Ng3
Be6 34. Ne4 Rb5 35. hxg5 hxg5 36. Nc3 Rc5 37. bxc5 Rxb2 38. Ne4 Rb1+ 39. Kh2 f6
40. Rd6 Kf7 41. Rd3 Rb4 42. f3 g4 43. Kg3 Ke7 44. Ra3 gxf3 45. gxf3 Bd7 46. Re3
Be6 47. f4 Rb2 48. Nd6 Kd7 49. Ne8 Rb3 50. Nxf6+ Kc6 51. Rxb3 Bxb3 52. Ne4 Bc2
53. Kf3 Kd5 54. Nf6+ Kxc5 55. Ke3 Kd6 56. Ne4+ Bxe4 57. Kxe4 Ke6 58. f5+ Kf6
1/2-1/2

[Event "Moscow Aeroflot op-A"]
[Site "Moscow"]
[Date "2020.02.22"]
[Round "4"]
[White "Kovalevskaya, Ekaterina"]
[Black "Sadhwani, Raunak"]
[Result "0-1"]
[WhiteElo "2407"]
[BlackElo "2522"]
[PlyCount "84"]
[EventDate "2020.02.19"]
[EventType "swiss"]
[EventRounds "9"]
[EventCountry "RUS"]
[SourceTitle "CBM 195"]
[Source "ChessBase"]
[SourceDate "2020.04.30"]
[SourceVersion "1"]
[SourceVersionDate "2020.04.30"]
[SourceQuality "1"]

1. e4 d6 2. d4 Nf6 3. Nc3 g6 4. Nf3 Bg7 5. g3 O-O 6. Bg2 c6 7. O-O Bg4 8. h3
Bxf3 9. Qxf3 Nbd7 10. Be3 e5 11. Rad1 Qc7 12. dxe5 Nxe5 13. Qe2 b5 14. b3 Rfe8
15. Qd2 Bf8 16. Rfe1 Ned7 17. Bh6 Bxh6 18. Qxh6 Re6 19. Ne2 Rae8 20. Nd4 Re5
21. Qf4 d5 22. Nf3 Nh5 23. Qh6 Rxe4 24. Rxe4 dxe4 25. Ng5 Ndf6 26. Bxe4 Rxe4
27. Nxe4 Nxe4 28. Qe3 Nhf6 29. Kg2 Kg7 30. Re1 b4 31. Qf3 Qe5 32. Re3 a5 33.
Qd1 Qc5 34. Qd3 Nxf2 35. Kxf2 Nd5 36. Kf3 Nxe3 37. Qxe3 Qxe3+ 38. Kxe3 f5 39.
Kd4 Kf6 40. h4 h6 41. c3 g5 42. hxg5+ hxg5 0-1

[Event "Moscow Aeroflot op-A"]
[Site "Moscow"]
[Date "2020.02.22"]
[Round "4"]
[White "Kozionov, Kirill"]
[Black "Kozak, Adam"]
[Result "1/2-1/2"]
[WhiteElo "2466"]
[BlackElo "2523"]
[PlyCount "31"]
[EventDate "2020.02.19"]
[EventType "swiss"]
[EventRounds "9"]
[EventCountry "RUS"]
[SourceTitle "CBM 195"]
[Source "ChessBase"]
[SourceDate "2020.04.30"]
[SourceVersion "1"]
[SourceVersionDate "2020.04.30"]
[SourceQuality "1"]

1. d4 Nf6 2. c4 e6 3. g3 Bb4+ 4. Bd2 Be7 5. Bg2 d5 6. Nf3 O-O 7. O-O Nbd7 8.
Qc2 c6 9. Bf4 b6 10. Rd1 Bb7 11. Ne5 Nh5 12. Bd2 Nhf6 13. Bf4 Nh5 14. Bd2 Nhf6
15. Bf4 Nh5 16. Bd2 1/2-1/2

[Event "Moscow Aeroflot op-A"]
[Site "Moscow"]
[Date "2020.02.22"]
[Round "4"]
[White "Krishna, CRG."]
[Black "Rahul, Srivatshav P"]
[Result "1-0"]
[WhiteElo "2443"]
[BlackElo "2474"]
[PlyCount "87"]
[EventDate "2020.02.19"]
[EventType "swiss"]
[EventRounds "9"]
[EventCountry "RUS"]
[SourceTitle "CBM 195"]
[Source "ChessBase"]
[SourceDate "2020.04.30"]
[SourceVersion "1"]
[SourceVersionDate "2020.04.30"]
[SourceQuality "1"]

1. d4 Nf6 2. Nf3 e6 3. c4 d5 4. Bg5 h6 5. Bxf6 Qxf6 6. Nc3 c6 7. Qc2 Nd7 8. e4
dxe4 9. Qxe4 Qf5 10. Qxf5 exf5 11. Bd3 g6 12. O-O-O Bd6 13. Rhe1+ Kd8 14. c5
Bf4+ 15. Kb1 Re8 16. Bc4 Re7 17. b4 Nf6 18. Ne5 Be6 19. Bxe6 Rxe6 20. Nxf7+ Ke7
21. Ne5 Bxe5 22. dxe5 Ng4 23. f4 Nxh2 24. b5 Ng4 25. Rd6 g5 26. Ne2 Rxd6 27.
cxd6+ Kd7 28. g3 c5 29. Nc3 gxf4 30. gxf4 h5 31. b6 axb6 32. Nb5 Re8 33. Nc7
Rh8 34. Rd1 Kc6 35. e6 Nf6 36. a4 h4 37. Nb5 c4 38. d7 Nxd7 39. exd7 Rd8 40.
Nd4+ Kd6 41. Nxf5+ Kc6 42. Nxh4 Rxd7 43. Rxd7 Kxd7 44. f5 1-0

[Event "Moscow Aeroflot op-A"]
[Site "Moscow"]
[Date "2020.02.22"]
[Round "4"]
[White "Kulaots, Kaido"]
[Black "Sargissian, Gabriel"]
[Result "0-1"]
[WhiteElo "2510"]
[BlackElo "2689"]
[PlyCount "84"]
[EventDate "2020.02.19"]
[EventType "swiss"]
[EventRounds "9"]
[EventCountry "RUS"]
[SourceTitle "CBM 195"]
[Source "ChessBase"]
[SourceDate "2020.04.30"]
[SourceVersion "1"]
[SourceVersionDate "2020.04.30"]
[SourceQuality "1"]

1. e4 e5 2. Nf3 Nc6 3. Bb5 Nf6 4. d3 Bc5 5. Bxc6 dxc6 6. Nbd2 Nd7 7. Nc4 f6 8.
c3 Nb6 9. Na5 Bd6 10. O-O O-O 11. b4 c5 12. a3 Rb8 13. Be3 Qe7 14. Nd2 Be6 15.
Ndb3 Nd7 16. Qc2 f5 17. f3 a6 18. exf5 Bxf5 19. Nd2 cxb4 20. axb4 c5 21. b5
axb5 22. Qb3+ c4 23. dxc4 Nc5 24. Qxb5 Bd3 25. Rf2 Qc7 26. Nab3 b6 27. Nxc5
bxc5 28. Qa5 Qc6 29. Qa4 Qxa4 30. Rxa4 Ra8 31. Rxa8 Rxa8 32. Nb3 e4 33. g3 Bxc4
34. Nxc5 exf3 35. Rxf3 Ra1+ 36. Kf2 Ra2+ 37. Kg1 Ra5 38. Nd7 Ra1+ 39. Kf2 Bd5
40. Rf5 Ra2+ 41. Kg1 Be6 42. Nf6+ Kf7 0-1

[Event "Moscow Aeroflot op-A"]
[Site "Moscow"]
[Date "2020.02.22"]
[Round "4"]
[White "Kunin, Vitaly L"]
[Black "Kovalev, Vladislav"]
[Result "1/2-1/2"]
[WhiteElo "2550"]
[BlackElo "2650"]
[PlyCount "23"]
[EventDate "2020.02.19"]
[EventType "swiss"]
[EventRounds "9"]
[EventCountry "RUS"]
[SourceTitle "CBM 195"]
[Source "ChessBase"]
[SourceDate "2020.04.30"]
[SourceVersion "1"]
[SourceVersionDate "2020.04.30"]
[SourceQuality "1"]

1. d4 Nf6 2. c4 e6 3. Nf3 d5 4. Nc3 Be7 5. Bg5 h6 6. Bh4 O-O 7. e3 Ne4 8. Bxe7
Qxe7 9. Rc1 c6 10. Bd3 Nxc3 11. Rxc3 Nd7 12. O-O 1/2-1/2

[Event "Moscow Aeroflot op-A"]
[Site "Moscow"]
[Date "2020.02.22"]
[Round "4"]
[White "Lobanov, Sergei"]
[Black "Gadimbayli, Abdulla Azar"]
[Result "1/2-1/2"]
[WhiteElo "2507"]
[BlackElo "2460"]
[PlyCount "101"]
[EventDate "2020.02.19"]
[EventType "swiss"]
[EventRounds "9"]
[EventCountry "RUS"]
[SourceTitle "CBM 195"]
[Source "ChessBase"]
[SourceDate "2020.04.30"]
[SourceVersion "1"]
[SourceVersionDate "2020.04.30"]
[SourceQuality "1"]

1. e4 e5 2. Nf3 Nf6 3. Nc3 Bb4 4. Nxe5 O-O 5. Ng4 Bxc3 6. dxc3 Nxe4 7. Ne3 d6
8. g3 Qf6 9. f3 Nc5 10. Nd5 Re8+ 11. Kf2 Qd8 12. Be3 c6 13. Nf4 Ne6 14. b3 d5
15. Qd2 Nd7 16. Bg2 Nxf4 17. Bxf4 Nf8 18. Rhe1 Be6 19. g4 Qb6+ 20. Qd4 Qa5 21.
Qb4 Qxb4 22. cxb4 a6 23. a4 f6 24. Bf1 g5 25. Bd6 Rad8 26. Bg3 f5 27. gxf5 Bxf5
28. Rxe8 Rxe8 29. Ra2 Ne6 30. Be5 g4 31. fxg4 Bxg4 32. Ke3 h5 33. h3 Bf5 34. b5
axb5 35. axb5 Ng5 36. bxc6 bxc6 37. Kf4 Bxh3 38. Bxh3 Nxh3+ 39. Kf5 Ng5 40. Ra7
Nf7 41. Bf6 Re2 42. c3 Nd6+ 43. Kg6 Re6 44. Ra8+ Ne8 45. Kxh5 Rxf6 46. Rxe8+
Kf7 47. Re3 Re6 48. Rxe6 Kxe6 49. Kg4 Ke5 50. Kf3 d4 51. Ke2 1/2-1/2

[Event "Moscow Aeroflot op-A"]
[Site "Moscow"]
[Date "2020.02.22"]
[Round "4"]
[White "Makarian, Rudik"]
[Black "Antipov, Mikhail Al"]
[Result "0-1"]
[WhiteElo "2414"]
[BlackElo "2562"]
[PlyCount "66"]
[EventDate "2020.02.19"]
[EventType "swiss"]
[EventRounds "9"]
[EventCountry "RUS"]
[SourceTitle "CBM 195"]
[Source "ChessBase"]
[SourceDate "2020.04.30"]
[SourceVersion "1"]
[SourceVersionDate "2020.04.30"]
[SourceQuality "1"]

1. d4 Nf6 2. c4 g6 3. g3 c6 4. Bg2 d5 5. cxd5 cxd5 6. Nc3 Bg7 7. Nf3 O-O 8. Ne5
Bf5 9. O-O Ne4 10. Bf4 Nxc3 11. bxc3 Nc6 12. Nxc6 bxc6 13. Qa4 e6 14. Qxc6 Rc8
15. Qa6 Rxc3 16. Qxa7 Rc4 17. Rfd1 g5 18. Be3 Bc2 19. Rd2 h6 20. a4 f5 21. Rc1
Qc8 22. f4 Rf7 23. Qb6 Rfc7 24. fxg5 Bf8 25. gxh6 Rb7 26. Qa6 Rb1 27. Qa5 Rxc1+
28. Kf2 Qd7 29. Qa8 Rc8 30. Qa6 Kh7 31. g4 fxg4 32. Bf4 Bxh6 33. Rxc2 Bxf4 0-1

[Event "Moscow Aeroflot op-A"]
[Site "Moscow"]
[Date "2020.02.22"]
[Round "4"]
[White "Martirosyan, Haik M"]
[Black "Sargsyan, Shant"]
[Result "1/2-1/2"]
[WhiteElo "2630"]
[BlackElo "2594"]
[PlyCount "70"]
[EventDate "2020.02.19"]
[EventType "swiss"]
[EventRounds "9"]
[EventCountry "RUS"]
[SourceTitle "CBM 195"]
[Source "ChessBase"]
[SourceDate "2020.04.30"]
[SourceVersion "1"]
[SourceVersionDate "2020.04.30"]
[SourceQuality "1"]

1. e4 c5 2. Nf3 d6 3. d4 cxd4 4. Nxd4 Nf6 5. Nc3 Nc6 6. Bg5 e6 7. Qd3 a6 8.
O-O-O Bd7 9. Qg3 h6 10. Be3 Nxd4 11. Bxd4 e5 12. Be3 Rc8 13. Bd3 Be6 14. Nd5
Qa5 15. Nxf6+ gxf6 16. a3 h5 17. Kb1 Bh6 18. Bxh6 Rxh6 19. Qe3 Rh8 20. Rhf1 Qc5
21. Qd2 Ke7 22. f4 h4 23. h3 Rcg8 24. Rf3 Rg3 25. Rxg3 hxg3 26. f5 Bd7 27. Re1
Bc6 28. Qe3 Qxe3 29. Rxe3 Rh4 30. Kc1 Rf4 31. Kd2 Rf2+ 32. Re2 Rf1 33. Re3 Rf2+
34. Re2 Rf1 35. Re3 Rf2+ 1/2-1/2